000 00183nam a22000977a 4500
082 _a894.812
_bMAN/K
100 _aMANOJ
245 _aKALAVADHI
650 _aMALAYALAM STORY
942 _cBK
999 _c7716
_d7716